| 000 | 00759cam a22002535a 4500 | ||
|---|---|---|---|
| 001 | L159727 | ||
| 008 | 150226s2017 xxk f 000 0 eng d | ||
| 035 | _a(Sirsi) u159727 | ||
| 041 | 0 | _aeng | |
| 100 | 1 |
_aHooper, Brendon _96168 |
|
| 245 | 0 | 0 | _aBatteries included |
| 260 | _c2017 | ||
| 490 |
_aModus _vMay 2017, 34-35 (2) |
||
| 520 | _aResidents of Trent Basin in Nottingham are trialling a solar-powered network that allows them to store and share their energy. | ||
| 590 | _aKA | ||
| 650 | 2 | 4 | _aSUSTAINABLE DEVELOPMENT |
| 650 | 2 | 4 | _aBROWNFIELD DEVELOPMENT |
| 650 | 2 | 4 | _aLOW-ENERGY HOUSES |
| 650 | 2 | 4 | _aSOLAR POWER |
| 651 | 4 |
_aUnited Kingdom _y |
|
| 690 |
_aSustainability _96271 |
||
| 690 | _aBUILDING AND CONSTRUCTION-PROJECTS | ||
| 942 | _n0 | ||
| 999 |
_c84938 _d84938 |
||